| 000 | 01910cam a2200385 a 4500 | ||
|---|---|---|---|
| 999 |
_c128136 _d128136 |
||
| 001 | 15577897 | ||
| 003 | ARRUPE | ||
| 005 | 20180912114519.0 | ||
| 008 | 090107s2009 enk b 001 0 eng | ||
| 010 | _a 2008053820 | ||
| 015 |
_aGBA927326 _2bnb |
||
| 016 | 7 |
_a014931508 _2Uk |
|
| 020 | _a9780199547807 | ||
| 020 | _a0199547807 | ||
| 035 | _a(OCoLC)ocn294886676 | ||
| 040 |
_aDLC _cDLC _dBTCTA _dUKM _dYDXCP _dBWKUK _dBWK _dDLC |
||
| 041 | 1 |
_aeng _hger |
|
| 050 | 0 | 0 |
_aHM480 _b.S742 2009 |
| 082 | 0 | 0 |
_a193 _222 |
| 100 | 1 |
_aSteinhoff, Uwe. _942087 |
|
| 245 | 1 | 4 |
_aThe philosophy of Jürgen Habermas : _ba critical introduction / _cUwe Steinhoff ; translated by Karsten Schöllner. |
| 260 |
_aOxford ; _aNew York : _bOxford University Press, _c2009. |
||
| 300 |
_axii, 286 p. ; _c24 cm. |
||
| 500 | _a"This book is an abridged English version of my study Kritik der kommunikativen Rationalität: Eine Darstellung und Kritik der kommunikationstheoretischen Philosophie von Jürgen Habermas und Karl-Otto Apel (Paderborn: Mentis, 2006)"--Pref. | ||
| 504 | _aIncludes bibliographical references and index. | ||
| 600 | 1 | 0 |
_aHabermas, Jürgen. _942088 |
| 650 | 0 |
_aCritical theory. _95606 |
|
| 650 | 0 |
_aRationalism. _985 |
|
| 700 | 1 |
_aSchöllner, Karsten. _942089 |
|
| 700 | 1 |
_aSteinhoff, Uwe. _tKritik der kommunikativen Rationalität. _942090 |
|
| 906 |
_a7 _bcbc _corignew _d1 _eecip _f20 _gy-gencatlg |
||
| 942 |
_2lcc _cMONOGRAPH |
||